000 00595cam a22002053a 4500
001 45797
003 PGUSA
005 20140828084049.0
008 140528s2014||||xxu|||||s|||||000 | eng d
040 _aPGUSA
_beng
042 _adc
100 1 _aSawyer, Edith A.
_q(Edith Augusta)
245 1 0 _aJose :
_bOur Little Portuguese Cousin
_h[electronic resource] /
_cEdith A. Sawyer
260 _bProject Gutenberg,
_c2014
506 _aPublic domain in the USA.
516 _aElectronic text
830 0 _aProject Gutenberg
_v45797
856 4 0 _uhttp://www.gutenberg.org/ebooks/45797
942 _cEB
999 _c275047
_d275047